| 000 | 00940nam a2200277 a 4500 | ||
|---|---|---|---|
| 008 | 960207s1994 m yxo ae r y 0 slo c | ||
| 020 |
_a8096718878 _c10 |
||
| 040 |
_aSNK _bslo _cSNK _eAACR2 |
||
| 041 | 1 |
_aslo _ager _hcze |
|
| 044 |
_axo _cSK |
||
| 080 | _a803.0(075) | ||
| 245 | 1 | 0 |
_aNemecky s úsmevom _n1 _cDana Drmlová ... [et al.] ; [z českého originálu preložila Oľga Primusová] ; [ilustrovala Markéta Holečková] |
| 260 |
_aZvolen _bVŠE-vyd. agentúra Rozália Škutová _c1994 |
||
| 300 |
_a289 s. _c21 cm |
||
| 500 | _aÚdaje o prekl. a ilustr. prevzaté z tiráže | ||
| 504 | _aSlovník | ||
| 650 | 0 | 7 |
_anemčina _xučebnice _2SNK |
| 700 | 1 |
_aDrmlová, Dana _4aut |
|
| 700 | 1 |
_aHomolková, Božena _4aut |
|
| 700 | 1 |
_aKettnerová, Drahomíra _4aut |
|
| 700 | 1 |
_aTesařová, Lea _4aut |
|
| 700 | 1 |
_aPrimusová, Oľga _4trl |
|
| 700 | 1 |
_aHolečková, Markéta _4ill |
|
| 765 | 0 | _tNěmecky s úsměvem | |
| 958 | _aAPP | ||
| 999 |
_c19768 _d19768 |
||